[Event "Moscow Open 2009 B"]
[Site "www.moscowchessopen.ru"]
[Date "2009.02.05"]
[Round "6.205"]
[White "Nizhegorodtsev, Dmitry"]
[Black "Andreanov, Vassily"]
[Result "1-0"]
[WhiteElo "1879"]
[BlackElo "1400"]
[Annotator ""]
[Source ""]
[Remark ""]

1.e4 Nf6 2.e5 Nd5 3.c4 Nb6 4.a4 d6 5.a5 N6d7 6.e6 fxe6 7.d4 g6
8.Bd3 Bg7 9.Nf3 O-O 10.Be3 Qe8 11.Nc3 a6 12.Qd2 c5 13.h4 Nf6
14.dxc5 dxc5 15.Bh6 Ng4 16.Bxg7 Kxg7 17.h5 gxh5 18.Qg5+ Kh8 19.Bxh7
Nf6 20.Bg6 1-0

[Event "Moscow Open 2009 B"]
[Site "www.moscowchessopen.ru"]
[Date "2009.02.05"]
[Round "6.206"]
[White "Alieva, Nurlana"]
[Black "Chuprakov, Ruslan"]
[Result "1/2-1/2"]
[WhiteElo "1874"]
[BlackElo "1400"]
[Annotator ""]
[Source ""]
[Remark ""]

1.e4 e6 2.Nc3 d5 3.Nf3 dxe4 4.Nxe4 Nd7 5.d4 Ngf6 6.Bg5 Be7 7.Nxf6+
Nxf6 8.Bd3 c5 9.dxc5 Bxc5 10.Qe2 O-O 11.Rd1 Qa5+ 12.c3 Be7 13.Bb1
b6 14.Bxf6 Bxf6 15.Qe4 g6 16.Qxa8 Ba6 17.Qe4 Rc8 18.Nd2 Rc5 19.Nb3
Bxc3+ 20.bxc3 Qxc3+ 21.Rd2 Re5 22.Qxe5 Qxe5+ 23.Kd1 Bb7 24.f3
Qf4 25.Re1 Qxh2 26.Be4 Ba6 27.Kc2 Qc7+ 28.Kb1 Kg7 29.Red1 Bb5
30.Nd4 Qc5 31.Bc2 a5 32.Nxb5 Qxb5+ 33.Kc1 Qb4 1/2-1/2

[Event "Moscow Open 2009 B"]
[Site "www.moscowchessopen.ru"]
[Date "2009.02.05"]
[Round "6.207"]
[White "Matyushin, Lev"]
[Black "Isakov, Sergey"]
[Result "0-1"]
[WhiteElo "1865"]
[BlackElo "1400"]
[Annotator ""]
[Source ""]
[Remark ""]

1.d4 Nf6 2.Nf3 e6 3.e3 d5 4.c4 b6 5.Nc3 Bb7 6.cxd5 Nxd5 7.a3
Be7 8.Bd3 O-O 9.Qc2 f5 10.O-O Nd7 11.Ne5 Bd6 12.f4 N7f6 13.h3
a6 14.Qe2 Nxc3 15.bxc3 Ne4 16.Qf3 Rb8 17.Bxe4 Bxe4 18.Qe2 Bxe5
19.fxe5 b5 20.Bd2 Rc8 21.c4 c5 22.dxc5 Bd3 23.Qf2 Bxf1 24.Rxf1
bxc4 25.Qe1 Qd5 26.Bc3 Rfd8 27.Bd4 Rb8 28.Qa5 Qc6 29.Rc1 f4 30.Rxc4
fxe3 31.Qe1 Qd5 32.Qc3 e2 33.Bf2 Rb1+ 34.Kh2 e1Q 35.Bxe1 Rxe1
36.c6 Re2 37.Rg4 Qxe5+ 38.Qxe5 Rxe5 0-1

[Event "Moscow Open 2009 B"]
[Site "www.moscowchessopen.ru"]
[Date "2009.02.05"]
[Round "6.208"]
[White "Janikyan, Navek"]
[Black "Moshensky, Denis"]
[Result "0-1"]
[WhiteElo "1400"]
[BlackElo "1847"]
[Annotator ""]
[Source ""]
[Remark ""]

1.Nf3 d5 2.c4 c6 3.b3 Nf6 4.Bb2 Bf5 5.g3 e6 6.Bg2 Nbd7 7.O-O
Be7 8.d3 O-O 9.Nbd2 a5 10.a3 Re8 11.Re1 Nc5 12.d4 Nce4 13.c5
b6 14.Ne5 Qc7 15.Nxe4 dxe4 16.b4 bxc5 17.bxc5 Nd5 18.Qa4 Reb8
19.Bc1 Rb5 20.Nc4 Bg6 21.Bd2 h6 22.e3 f5 23.Ne5 Be8 24.Nc4 Kh8
25.Rab1 g5 26.Rec1 h5 27.Bf1 h4 28.f4 exf3 29.Kf2 g4 30.Ne5 hxg3+
31.hxg3 Rxb1 32.Rxb1 Bf6 33.Nc4 Qh7 34.Kg1 f4 0-1

[Event "Moscow Open 2009 B"]
[Site "www.moscowchessopen.ru"]
[Date "2009.02.05"]
[Round "6.209"]
[White "Kanatzhanov, Nurzhan"]
[Black "Kruchinin, Anatoly V"]
[Result "1/2-1/2"]
[WhiteElo "1400"]
[BlackElo "1809"]
[Annotator ""]
[Source ""]
[Remark ""]

1.e4 Nc6 2.d4 d5 3.exd5 Qxd5 4.Nf3 Bg4 5.c3 Bxf3 6.Qxf3 Qxf3
7.gxf3 O-O-O 8.Bf4 f6 9.Nd2 e5 10.dxe5 fxe5 11.Be3 Nf6 12.O-O-O
a6 13.Bc4 b5 14.Be6+ Kb7 15.Ne4 Nxe4 16.Rxd8 Nxd8 17.Bd5+ c6
18.Bxe4 g6 19.Rd1 Kc7 20.f4 Bd6 21.f5 gxf5 22.Bxf5 Nb7 23.Rg1
Bf8 24.f4 Nd6 25.Bd3 Bh6 26.Rg4 Rf8 27.Rh4 Bxf4 28.Rxh7+ Kd8
29.Kd2 e4 30.Be2 a5 31.Bxf4 Rxf4 32.Ke3 Rf6 33.h4 Ke8 34.b3 Kf8
35.c4 Kg8 36.Rh5 bxc4 37.Bxc4+ Kg7 38.Rxa5 Rf3+ 39.Ke2 Nf5 40.Re5
Ng3+ 41.Kd2 Kf6 42.Rc5 Rf2+ 43.Ke3 Rxa2 44.Rxc6+ Kg7 45.Rc5 Kf6
46.Rb5 Rh2 47.Rg5 Nf5+ 48.Kf4 Rxh4+ 49.Rg4 1/2-1/2

[Event "Moscow Open 2009 B"]
[Site "www.moscowchessopen.ru"]
[Date "2009.02.05"]
[Round "6.210"]
[White "Mironov, Yury"]
[Black "Kalmykova, Tatiana"]
[Result "1/2-1/2"]
[WhiteElo "1792"]
[BlackElo "1400"]
[Annotator ""]
[Source ""]
[Remark ""]

1.e4 c6 2.d4 d5 3.e5 Bf5 4.Bd3 Bxd3 5.Qxd3 e6 6.f4 Qh4+ 7.g3
Qe7 8.Nf3 c5 9.Qb5+ Qd7 10.Qxd7+ Nxd7 11.Be3 Rc8 12.c3 cxd4 13.Bxd4
Bc5 14.Nbd2 Ne7 15.Nb3 Nf5 16.Nxc5 Nxc5 17.Bxc5 Rxc5 18.O-O O-O
19.Rfe1 Rd8 20.Rad1 Rdc8 21.g4 Ne7 22.Kf2 b5 23.a3 Nc6 24.Rd3
Rc4 25.Kg3 Re4 26.Rde3 Rxe3 27.Rxe3 Na5 28.Nd4 Nc4 29.Re2 a6
30.f5 Re8 31.fxe6 fxe6 32.h4 Nb6 33.Nc6 Nd7 34.Nb4 Nc5 1/2-1/2

[Event "Moscow Open 2009 B"]
[Site "www.moscowchessopen.ru"]
[Date "2009.02.05"]
[Round "6.211"]
[White "Losev, Sergey Sergeyvich"]
[Black "Lavshirbanov, Ruslan"]
[Result "0-1"]
[WhiteElo "1400"]
[BlackElo "1791"]
[Annotator ""]
[Source ""]
[Remark ""]

1.e4 c5 2.c3 d5 3.exd5 Qxd5 4.d4 e6 5.Nf3 Nc6 6.Be3 cxd4 7.Nxd4
Nf6 8.c4 Bb4+ 9.Nc3 Qa5 10.Nxc6 bxc6 11.Bd2 O-O 12.a3 Be7 13.Be2
Qc7 14.O-O Rd8 15.Qc2 Bb7 16.Bf3 a6 17.Be3 c5 18.Bxb7 Qxb7 19.Rad1
Qc7 20.h3 Qe5 21.Ne2 Rab8 22.b3 Rb7 23.Rfe1 Qe4 24.Qxe4 Nxe4
25.Rd3 Rdb8 26.f3 Nf6 27.Rb1 Kf8 28.Bf4 Rc8 29.Bd6 Rc6 30.Bxe7+
Kxe7 31.Nc3 a5 32.a4 Rb4 33.Ne2 Rcb6 34.Nc1 Rxa4 35.bxa4 Rxb1
36.Rc3 Ra1 37.Kh2 Rxa4 38.Nd3 Nd7 39.Nb2 Ra2 40.Rb3 a4 41.Rb5
a3 42.Nd3 Rd2 43.Nxc5 Nxc5 44.Rxc5 a2 45.Ra5 Kd6 46.c5+ Kc6 47.Kg3
e5 48.Kh2 f5 49.Kg3 g5 50.Kh2 h5 51.Kg3 h4+ 52.Kh2 e4 0-1

[Event "Moscow Open 2009 B"]
[Site "www.moscowchessopen.ru"]
[Date "2009.02.05"]
[Round "6.212"]
[White "Rubanov, Sergey"]
[Black "Klepikov, Nikita"]
[Result "0-1"]
[WhiteElo "1788"]
[BlackElo "1400"]
[Annotator ""]
[Source ""]
[Remark ""]

1.e4 c5 2.Nf3 Nc6 3.d4 cxd4 4.Nxd4 g6 5.Nc3 Bg7 6.Be3 d6 7.f3
Nf6 8.Qd2 O-O 9.Bc4 Bd7 10.h4 h5 11.O-O-O Kh7 12.Nde2 a6 13.Bb3
b5 14.Nd5 Nxd5 15.Bxd5 Rc8 16.g4 Ne5 17.gxh5 gxh5 18.Rdf1 Bc6
19.Nf4 Bxd5 20.exd5 Nc4 21.Qd3+ f5 22.c3 Qa5 23.Bd4 Bh6 24.Be3
Qxa2 25.Qe2 Qa1+ 26.Kc2 Qxb2+ 27.Kd1 b4 28.Bc1 0-1

[Event "Moscow Open 2009 B"]
[Site "www.moscowchessopen.ru"]
[Date "2009.02.05"]
[Round "6.213"]
[White "Alimov, Ravil"]
[Black "Mezentsev, Ivan"]
[Result "1-0"]
[WhiteElo "1776"]
[BlackElo "1400"]
[Annotator ""]
[Source ""]
[Remark ""]

1.e4 c5 2.Nf3 Nc6 3.d4 cxd4 4.Nxd4 g6 5.Be3 Bg7 6.Nc3 Nf6 7.Qd2
Ng4 8.Nxc6 bxc6 9.Bf4 O-O 10.Be2 Nf6 11.O-O d6 12.Rad1 Nd7 13.Bh6
Rb8 14.b3 Qa5 15.Nd5 Qd8 16.Bxg7 Kxg7 17.Qc3+ Kg8 18.Qxc6 Nb6
19.Nxb6 Rxb6 20.Qc3 Bb7 21.Qe3 Qc7 22.c4 Qc6 23.Bf3 Qc7 24.Rd2
a5 25.Rfd1 Bc6 26.c5 dxc5 27.Qxc5 Rb5 28.Qe3 Re5 29.Rc1 Qb7 30.Qc3
Re6 31.Bg4 Rxe4 32.Bf3 Re6 33.Bxc6 Qc7 34.Rdc2 Rc8 35.Bb5 1-0

[Event "Moscow Open 2009 B"]
[Site "www.moscowchessopen.ru"]
[Date "2009.02.05"]
[Round "6.214"]
[White "Mikhaylov, Alexandr D."]
[Black "Litvinov, Konstantin"]
[Result "1/2-1/2"]
[WhiteElo "1400"]
[BlackElo "1768"]
[Annotator ""]
[Source ""]
[Remark ""]

1.e4 e6 2.f4 d5 3.e5 c5 4.Nf3 Nc6 5.Bb5 Qb6 6.Bxc6+ bxc6 7.O-O
Ba6 8.d3 c4+ 9.Kh1 cxd3 10.cxd3 Ne7 11.Ng5 h6 12.Qh5 g6 13.Qh3
Bg7 14.Nf3 Bxd3 15.Rd1 Be2 16.Rd2 Bxf3 17.Qxf3 Nf5 18.Rd3 Bf8
19.b3 Nd4 20.Qd1 Nf5 21.g4 Ng7 22.Qc2 h5 23.Rc3 Rc8 24.Ba3 Bxa3
25.Nxa3 hxg4 26.Rc1 Kd7 27.Qd2 Nf5 28.Nc4 Qa6 29.Kg2 Nh4+ 30.Kg3
Nf5+ 31.Kg2 Rh7 32.Ne3 Nh4+ 33.Kg3 Nf3 34.Qd1 Nxh2 35.R1c2 Rh3+
36.Kg2 Rch8 37.Rxc6 Qxc6 38.Rxc6 Kxc6 39.Qd4 Nf3 40.Qa4+ Kb7
41.Qb4+ Ka8 42.Nxg4 d4 43.Nf2 Ne1+ 44.Qxe1 Re3 45.Qd2 Rd8 46.Nd3
g5 47.fxg5 Rg8 48.Kf1 Rxg5 49.Qc2 Rf3+ 50.Nf2 Kb8 51.Qe4 Rgf5
52.Qxd4 Kb7 53.Ke2 Rxf2+ 54.Qxf2 Rxf2+ 55.Kxf2 1/2-1/2

[Event "Moscow Open 2009 B"]
[Site "www.moscowchessopen.ru"]
[Date "2009.02.05"]
[Round "6.215"]
[White "Tantsov, Peter"]
[Black "Nikologorskiy, Ioann"]
[Result "1-0"]
[WhiteElo "1762"]
[BlackElo "1400"]
[Annotator ""]
[Source ""]
[Remark ""]

1.d4 d5 2.c4 c6 3.Nc3 Nf6 4.Nf3 g6 5.cxd5 cxd5 6.Bf4 Bg7 7.e3
O-O 8.Be2 Nc6 9.O-O Ne4 10.Rc1 h6 11.Qb3 e6 12.Nxe4 dxe4 13.Nd2
f5 14.f3 exf3 15.Bxf3 Ne7 16.Bxb7 Bxb7 17.Qxb7 Nd5 18.Qa6 Qd7
19.Qe2 Rac8 20.Nb1 Nxf4 21.exf4 Qxd4+ 22.Kh1 Rxc1 23.Qxe6+ Kh7
24.Rxc1 Qxf4 25.Rd1 Rb8 26.b3 Qf2 27.Qa6 Re8 28.Qf1 Qxa2 29.Nd2
Qb2 30.h4 h5 31.Qd3 Qd4 32.Nf3 Qxd3 33.Rxd3 Re4 34.Ng5+ Kg8 35.Nxe4
fxe4 36.Re3 1-0

[Event "Moscow Open 2009 B"]
[Site "www.moscowchessopen.ru"]
[Date "2009.02.05"]
[Round "6.216"]
[White "Radyanets, Andrey"]
[Black "Bondarev, Ivan"]
[Result "1/2-1/2"]
[WhiteElo "1400"]
[BlackElo "1759"]
[Annotator ""]
[Source ""]
[Remark ""]

1.b3 Nf6 2.Bb2 e6 3.c4 d5 4.e3 Be7 5.d3 O-O 6.Nf3 c5 7.Be2 Nc6
8.O-O b6 9.Nbd2 Bb7 10.a3 Rc8 11.Qc2 Qc7 12.h3 Rfd8 13.Rfe1 e5
14.e4 d4 15.Nh2 Qd6 16.g4 h6 17.Rad1 Nh7 18.Ndf3 Rc7 19.Bc1 Bc8
20.Bf1 a6 21.Bg2 b5 22.Nf1 bxc4 23.bxc4 Bd7 24.Ng3 Bf8 25.Nf5
Qf6 26.Bd2 g6 27.Ng3 Rb8 28.Rb1 Rcb7 29.Rxb7 Rxb7 30.Rb1 Bc8
31.Rxb7 Bxb7 32.Qb2 Qe7 33.Qc1 g5 34.Nf5 Qc7 35.h4 f6 36.hxg5
hxg5 37.Qb1 Ne7 38.a4 a5 39.Nxe7+ Bxe7 40.Qb5 Bc6 41.Qxa5 Qxa5
42.Bxa5 Bxa4 1/2-1/2

[Event "Moscow Open 2009 B"]
[Site "www.moscowchessopen.ru"]
[Date "2009.02.05"]
[Round "6.217"]
[White "Zhuldybin, Maxim"]
[Black "Gavrilenko, Viktor"]
[Result "0-1"]
[WhiteElo "1400"]
[BlackElo "1969"]
[Annotator ""]
[Source ""]
[Remark ""]

1.e4 c5 2.Nf3 d6 3.d4 cxd4 4.Nxd4 Nf6 5.Nc3 a6 6.Be3 e5 7.Nf3
Be6 8.Be2 Be7 9.Qd2 b5 10.O-O Nc6 11.Nd5 Nxe4 12.Bb6 Nxd2 13.Bxd8
Nxf1 14.Bxe7 Ra7 15.Bxd6 Bxd5 16.Rxf1 f6 17.Re1 Kf7 18.b3 b4
19.h3 Rc8 20.Rd1 e4 21.Rxd5 exf3 22.Bc4 Kg6 23.Rd2 Ne5 24.Rd5
Nxc4 25.bxc4 a5 26.g4 Rc6 27.h4 h6 28.Bf4 Rxc4 29.h5+ Kh7 30.Be3
Rxg4+ 31.Kh2 Rc7 0-1

[Event "Moscow Open 2009 B"]
[Site "www.moscowchessopen.ru"]
[Date "2009.02.05"]
[Round "6.218"]
[White "Vasiliev, Mikhail"]
[Black "Ahmadov, Vusal Karimkhan Oglu"]
[Result "1-0"]
[WhiteElo "1486"]
[BlackElo "1953"]
[Annotator ""]
[Source ""]
[Remark ""]

1.e4 c5 2.Nf3 Nc6 3.d4 cxd4 4.Nxd4 Nf6 5.Nxc6 bxc6 6.Bd3 d5 7.exd5
cxd5 8.O-O e6 9.Bg5 Bd6 10.Bb5+ Bd7 11.Bxd7+ Qxd7 12.Bxf6 gxf6
13.Nc3 Rb8 14.Rb1 Rb4 15.g3 O-O 16.Qf3 f5 17.Ne2 Rfb8 18.b3 Be5
19.c3 Rg4 20.Rfd1 Qc7 21.Qd3 Kh8 22.f3 Rg6 23.Kf1 Rh6 24.f4 Bf6
25.h4 Rg8 26.c4 dxc4 27.bxc4 Qc6 28.Qe3 Bxh4 29.gxh4 Qh1+ 30.Ng1
Rhg6 31.Qd4+ f6 32.Ke1 e5 33.fxe5 Rxg1+ 34.Kd2 Qh2+ 35.Kc3 R1g3+
36.Kb4 Qxa2 37.Qd6 a5+ 38.Kc5 Rc8+ 39.Kb6 Rb3+ 40.Ka7 Qf2+ 41.c5
Rg3 42.exf6 Rgg8 43.h5 Ra8+ 44.Kb7 Qf3+ 45.c6 Rgc8 46.h6 Qe4
47.f7 1-0

[Event "Moscow Open 2009 B"]
[Site "www.moscowchessopen.ru"]
[Date "2009.02.05"]
[Round "6.219"]
[White "Andreev, Volodymyr"]
[Black "Ersin, Nurbek"]
[Result "1-0"]
[WhiteElo "1915"]
[BlackElo "1400"]
[Annotator ""]
[Source ""]
[Remark ""]

1.e4 c5 2.f4 e6 3.Nf3 a6 4.c4 d6 5.g3 Nc6 6.d4 cxd4 7.Nxd4 Nf6
8.Nxc6 bxc6 9.Bg2 Bb7 10.Be3 Nd7 11.O-O Be7 12.Nc3 O-O 13.Qb3
Qc7 14.Rad1 c5 15.Qc2 Nb6 16.b3 Rfd8 17.f5 e5 18.Qe2 Nd7 19.g4
h6 20.Qd2 Qa5 21.Nd5 Qxd2 22.Nxe7+ Kf8 23.Ng6+ fxg6 24.fxg6+
Kg8 25.Rxd2 Nf6 26.Rfd1 Nxg4 27.Bxc5 Rac8 28.Bb6 Ne3 29.Bxe3 1-0

[Event "Moscow Open 2009 B"]
[Site "www.moscowchessopen.ru"]
[Date "2009.02.05"]
[Round "6.220"]
[White "Meshechko, Julia"]
[Black "Kanaev, Sergey"]
[Result "1-0"]
[WhiteElo "1897"]
[BlackElo "1400"]
[Annotator ""]
[Source ""]
[Remark ""]

1.e4 d5 2.exd5 Nf6 3.d4 Nxd5 4.c4 Nf6 5.Nc3 e6 6.Nf3 b6 7.Be2
Be7 8.O-O O-O 9.Ne5 Bb7 10.Be3 Nbd7 11.Nxd7 Qxd7 12.Qc2 Rfd8
13.Rfd1 Rac8 14.a3 Qe8 15.b4 c5 16.dxc5 bxc5 17.b5 Rxd1+ 18.Rxd1
Rd8 19.Rd2 Rxd2 20.Qxd2 Qa8 21.f3 Qb8 22.a4 Bd6 23.Kh1 Nh5 24.Bd3
Bxh2 25.Qc1 Ng3+ 26.Kxh2 Ne2+ 27.Bf4 Nxf4 28.Bxh7+ Kxh7 29.Qc2+
Kg8 30.a5 Ne2+ 31.Kh1 Ng3+ 32.Kg1 Qe5 33.Qd2 Qh5 34.a6 Bxf3 35.Qd8+
Kh7 36.Qd3+ g6 37.Qxf3 Qxf3 38.gxf3 Nf5 39.b6 Nd6 40.b7 1-0

[Event "Moscow Open 2009 B"]
[Site "www.moscowchessopen.ru"]
[Date "2009.02.05"]
[Round "6.221"]
[White "Petukhov, Nikolay"]
[Black "Tarasenko, Vitalij"]
[Result "1/2-1/2"]
[WhiteElo "1843"]
[BlackElo "1400"]
[Annotator ""]
[Source ""]
[Remark ""]

1.b4 e5 2.Bb2 d6 3.e3 Nf6 4.c4 Be7 5.Nc3 b6 6.Nf3 Bb7 7.Be2 Nbd7
8.O-O O-O 9.d4 exd4 10.exd4 Ne4 11.Qc2 Nxc3 12.Bxc3 Bf6 13.d5
Bxc3 14.Qxc3 Qf6 15.Qc2 Ne5 16.Nd4 Qg6 17.Qc3 a6 18.f4 Nd7 19.Qh3
Nf6 20.Nf5 Rae8 21.Rae1 Bc8 22.Bd3 Bxf5 23.Bxf5 Qh5 24.Qd3 g6
25.Bh3 Qh4 26.Qc3 Rxe1 27.Rxe1 Re8 28.Rxe8+ Nxe8 29.Qe3 Qd8 30.f5
Nf6 31.g3 1/2-1/2

[Event "Moscow Open 2009 B"]
[Site "www.moscowchessopen.ru"]
[Date "2009.02.05"]
[Round "6.222"]
[White "Surov, Anatoly"]
[Black "Shishkov, Konstantin"]
[Result "1/2-1/2"]
[WhiteElo "1905"]
[BlackElo "1400"]
[Annotator ""]
[Source ""]
[Remark ""]

1.e4 b6 2.Bc4 e6 3.f4 Bb7 4.Nc3 Nf6 5.d3 Bc5 6.Nf3 Nc6 7.Qe2
Nd4 8.Nxd4 Bxd4 9.Nb5 Bc5 10.Be3 Bxe3 11.Qxe3 d5 12.exd5 Nxd5
13.Qg3 g6 14.O-O a6 15.Na3 Qf6 16.Kh1 O-O 17.Rab1 Qd4 18.c3 Qe3
19.Qh4 Qc5 20.d4 Qe7 21.Qf2 Nf6 1/2-1/2

[Event "Moscow Open 2009 B"]
[Site "www.moscowchessopen.ru"]
[Date "2009.02.06"]
[Round "7.1"]
[White "Poghosyan, Suren"]
[Black "Gevorgyan, David"]
[Result "1/2-1/2"]
[WhiteElo "2218"]
[BlackElo "2252"]
[Annotator ""]
[Source ""]
[Remark ""]

1.d4 d5 2.Nf3 e6 3.c4 c6 4.e3 Nf6 5.Qc2 Nbd7 6.Nc3 Bd6 7.Bd3
dxc4 8.Bxc4 b5 9.Be2 Bb7 10.O-O a6 11.e4 e5 12.Rd1 Qc7 13.dxe5
Nxe5 14.Nd4 O-O-O 15.Nf5 Bc5 16.Be3 Bxe3 17.Nxe3 h5 1/2-1/2

[Event "Moscow Open 2009 B"]
[Site "www.moscowchessopen.ru"]
[Date "2009.02.06"]
[Round "7.2"]
[White "Stets, Vasilij"]
[Black "Babikov, Ivan"]
[Result "0-1"]
[WhiteElo "2239"]
[BlackElo "2284"]
[Annotator ""]
[Source ""]
[Remark ""]

1.e4 e5 2.f4 d5 3.exd5 exf4 4.Nf3 Nf6 5.Bc4 Nxd5 6.O-O Be6 7.Qe2
Be7 8.Nc3 Nc6 9.d4 O-O 10.Bxd5 Bxd5 11.Nxd5 Qxd5 12.Bxf4 Bd6
13.Be3 Rae8 14.Qd2 Re7 15.Bf4 Rfe8 16.Bxd6 Qxd6 17.Rae1 Nxd4
18.Rxe7 Nxf3+ 19.Rxf3 Qxe7 20.h3 g6 21.Qf2 Qe1+ 22.Qxe1 Rxe1+
23.Kf2 Re7 24.Rd3 f5 25.Rd8+ Kf7 26.Ra8 a6 27.Ra7 c6 28.a4 Ke6
29.Ra8 Kd6 30.c3 Kd5 31.Rd8+ Kc4 32.Rd4+ Kb3 33.Rb4+ Kc2 34.a5
g5 35.Kf3 Rd7 36.g3 Kd2 37.Kf2 Kd1 38.Rb6 Kc1 39.Ke3 Rf7 40.c4
Kc2 41.b4 Re7+ 42.Kf3 Kd3 43.b5 axb5 44.cxb5 c5 45.a6 bxa6 46.bxa6
c4 47.Rd6+ Kc2 48.Rd5 g4+ 49.hxg4 fxg4+ 50.Kxg4 c3 51.Kf3 Ra7
52.Rd6 Kb1 53.Rb6+ Kc1 54.Rb7 Rxa6 55.Rxh7 c2 56.g4 Ra4 57.g5
Kb2 58.Rh2 Kb1 59.Rh1+ c1Q 60.Rxc1+ Kxc1 61.g6 Ra6 0-1

[Event "Moscow Open 2009 B"]
[Site "www.moscowchessopen.ru"]
[Date "2009.02.06"]
[Round "7.3"]
[White "Pavlov, Aleksandr"]
[Black "Tiukaev, Ilgiz"]
[Result "1-0"]
[WhiteElo "2274"]
[BlackElo "2134"]
[Annotator ""]
[Source ""]
[Remark ""]

1.d4 Nf6 2.c4 g6 3.Nc3 Bg7 4.e4 d6 5.Nf3 O-O 6.Be2 e5 7.O-O Nc6
8.d5 Ne7 9.Ne1 Ne8 10.Nd3 f5 11.Bd2 f4 12.Bg4 h5 13.Bxc8 Nxc8
14.c5 Qe7 15.cxd6 cxd6 16.Rc1 Qf7 17.f3 g5 18.Nf2 Nb6 19.Nb5
Qd7 20.Qb3 g4 21.Nd3 Rf7 22.Ba5 Bf6 23.Bxb6 axb6 24.a4 Rg7 25.Kh1
h4 26.Nf2 g3 27.Ng4 gxh2 28.Rc7 Qd8 29.Rxg7+ Bxg7 30.Rc1 Rc8
31.Rc4 Rc5 32.Na3 h3 33.gxh3 Qh4 34.Qd1 Qxh3 35.Qe2 Qg3 36.Nxh2
Nf6 37.Rxc5 bxc5 38.Nc4 Nh5 39.Nf1 Qh3+ 40.Kg1 Ng3 41.Qg2 Qh6
42.Nh2 Qg6 43.Ng4 Bf8 44.Qh3 Ne2+ 45.Kf2 Nd4 46.Nb6 Bg7 47.Qh4
Nc2 48.Nc8 Qe8 49.Ne7+ Kf8 50.Nf5 Ne3 51.Ngxe3 fxe3+ 52.Kxe3
Kg8 53.Qg5 Qd7 54.Qg6 Kh8 55.b3 Qc7 56.Qe8+ Kh7 57.Ne7 Bh6+ 58.Kd3
c4+ 59.bxc4 1-0

[Event "Moscow Open 2009 B"]
[Site "www.moscowchessopen.ru"]
[Date "2009.02.06"]
[Round "7.4"]
[White "Nikologorsky, Matfei"]
[Black "Kursova, Maria"]
[Result "1/2-1/2"]
[WhiteElo "2196"]
[BlackElo "2268"]
[Annotator ""]
[Source ""]
[Remark ""]

1.c4 c5 2.Nc3 Nc6 3.g3 g6 4.Bg2 Bg7 5.Nf3 e5 6.d3 Nge7 7.O-O
O-O 8.h4 h6 9.Nd5 d6 10.Rb1 Rb8 11.Bd2 Be6 12.e4 b5 13.Qc1 Kh7
14.h5 Bg4 15.Ne3 Bd7 16.Kh2 Qc8 17.hxg6+ fxg6 18.Rh1 Nd4 19.Qd1
Kg8 20.Kg1 Rf7 21.Nxd4 cxd4 22.Nd5 bxc4 23.dxc4 Qxc4 24.b3 Qa6
25.Bf1 Qc8 26.Bxh6 Nxd5 27.exd5 Qf8 28.Bxg7 Qxg7 29.Qd2 Rbf8
30.Rh2 e4 31.Re1 Bf5 32.g4 e3 33.fxe3 dxe3 1/2-1/2

[Event "Moscow Open 2009 B"]
[Site "www.moscowchessopen.ru"]
[Date "2009.02.06"]
[Round "7.5"]
[White "Petrov, Artur"]
[Black "Aghasaryan, Robert"]
[Result "1-0"]
[WhiteElo "2253"]
[BlackElo "2218"]
[Annotator ""]
[Source ""]
[Remark ""]

1.e4 c5 2.Nf3 e6 3.d4 cxd4 4.Nxd4 Nf6 5.Nc3 d6 6.Bd3 a6 7.O-O
Nbd7 8.Be3 b5 9.a3 Bb7 10.f4 Be7 11.Qf3 O-O 12.Rae1 Rc8 13.Kh1
Re8 14.Qh3 Bf8 15.Nf3 e5 16.fxe5 dxe5 17.Bg5 h6 18.Bh4 Be7 19.Nd5
Nxd5 20.exd5 Bxh4 21.Nxh4 Bxd5 22.Nf5 Nf8 23.Qg3 Ng6 24.Nxh6+
gxh6 25.Bxg6 Qg5 26.Qxg5 hxg5 27.Bf5 Rcd8 28.Kg1 Kg7 29.Re3 Bc4
30.Rfe1 f6 31.Rh3 Bf7 32.Rc3 Rd2 33.Rc7 Kg8 34.Be4 Re6 35.Rf1
Red6 36.h3 Bc4 37.Rf2 Rd1+ 38.Kh2 Bf7 39.Rc8+ Kg7 40.Rc7 Rb1
41.c4 Rc1 42.c5 Rd4 43.Bc2 e4 44.Bb3 Rcc4 45.Bxc4 bxc4 46.Ra7
Rd5 47.Rxa6 f5 48.c6 f4 49.c7 Rc5 50.Ra5 1-0

[Event "Moscow Open 2009 B"]
[Site "www.moscowchessopen.ru"]
[Date "2009.02.06"]
[Round "7.6"]
[White "Shamugia, Shavleg"]
[Black "Khachatryan, Vahagn"]
[Result "1-0"]
[WhiteElo "2215"]
[BlackElo "2283"]
[Annotator ""]
[Source ""]
[Remark ""]

1.e4 e5 2.Bc4 Nf6 3.d3 Nc6 4.Nc3 Bc5 5.h3 Na5 6.Nge2 Nxc4 7.dxc4
d6 8.Qd3 Be6 9.b3 Nd7 10.Be3 O-O 11.g4 a5 12.Ng3 Bb4 13.a3 Bxc3+
14.Qxc3 a4 15.O-O Qh4 16.Kg2 g6 17.Qd2 Qe7 18.Bh6 Rfb8 19.Rfb1
b5 20.cxb5 Rxb5 21.b4 d5 22.Qe2 Rab8 23.f4 f6 24.f5 Bf7 25.g5
R5b6 26.h4 Rc6 27.Kh1 fxg5 28.Bxg5 Qf8 29.Rg1 h6 30.Bd2 Rxc2
31.Rg2 Kh7 32.fxg6+ Bxg6 33.h5 Bf7 34.Qg4 Qe7 35.Nf5 Rg8 36.Qxg8+
Bxg8 37.Nxe7 Bf7 38.Rag1 1-0

[Event "Moscow Open 2009 B"]
[Site "www.moscowchessopen.ru"]
[Date "2009.02.06"]
[Round "7.7"]
[White "Likhoman, Mikhail"]
[Black "Gankin, Stanislav"]
[Result "1-0"]
[WhiteElo "2217"]
[BlackElo "2275"]
[Annotator ""]
[Source ""]
[Remark ""]

1.Nf3 Nf6 2.c4 e6 3.Nc3 d5 4.d4 Bb4 5.e3 O-O 6.Bd3 c5 7.a3 cxd4
8.axb4 dxc3 9.O-O dxc4 10.Bxc4 Qxd1 11.Rxd1 c2 12.Rd2 Nc6 13.b5
Nb4 14.b3 a5 15.bxa6 bxa6 16.Ba3 a5 17.Ne1 Bb7 18.Nxc2 Ne4 19.Re2
Nc3 20.Rd2 Ne4 21.Re2 Nc3 22.Rd2 Be4 23.Bxb4 axb4 24.Rxa8 Rxa8
25.Nxb4 Ra1+ 26.Bf1 Kf8 27.f3 Bd5 28.Nxd5 Nxd5 29.Kf2 Nxe3 30.Kxe3
Rxf1 31.Kd4 Ke7 32.b4 1-0

[Event "Moscow Open 2009 B"]
[Site "www.moscowchessopen.ru"]
[Date "2009.02.06"]
[Round "7.8"]
[White "Nozdrachev, Leonid"]
[Black "Uliashev, Pavel"]
[Result "1-0"]
[WhiteElo "2215"]
[BlackElo "2267"]
[Annotator ""]
[Source ""]
[Remark ""]

1.e4 c5 2.Nf3 e6 3.c3 Nf6 4.e5 Nd5 5.d4 cxd4 6.cxd4 d6 7.a3 Bd7
8.Bd3 Bc6 9.O-O Nd7 10.b4 a6 11.Re1 Rc8 12.Bb2 dxe5 13.dxe5 N7b6
14.Nd4 Bd7 15.Qg4 h5 16.Qg3 Na4 17.Bc1 Qb6 18.Nc2 Bb5 19.Be4
Qc7 20.Bg5 a5 21.Nd2 h4 22.Qf3 Nac3 23.Nd4 Bd7 24.Rac1 Qxe5 25.Bxd5
Qxd5 26.Rxc3 Qxg5 27.Rxc8+ Bxc8 28.Nc4 axb4 29.Nf5 Qf6 30.Ncd6+
Bxd6 31.Nxd6+ Kd7 32.Qd1 Ke7 33.Qd2 Qc3 34.Qg5+ Kxd6 35.Rd1+
Kc7 36.Rc1 Rd8 37.Rxc3+ bxc3 38.Qa5+ Kd7 39.Qxc3 Ke7 40.Kf1 g5
41.Qc5+ Kf6 42.Qc7 Rg8 43.f4 gxf4 44.Qxf4+ Ke7 45.Qxh4+ Ke8 46.Qa4+
Kd8 47.Qa5+ Ke7 48.Qc7+ Kf6 49.Qd6 Kf5 50.Qe7 Kg6 51.h4 Rh8 52.Qg5+
Kh7 53.Qf6 Kg8 54.g4 b6 55.h5 Ba6+ 56.Kf2 1-0

[Event "Moscow Open 2009 B"]
[Site "www.moscowchessopen.ru"]
[Date "2009.02.06"]
[Round "7.9"]
[White "Anarkulov, A"]
[Black "Vdovin, Sergei"]
[Result "0-1"]
[WhiteElo "2202"]
[BlackElo "2263"]
[Annotator ""]
[Source ""]
[Remark ""]

1.e4 c5 2.Nc3 Nc6 3.Nge2 e5 4.Nd5 d6 5.Nec3 Nf6 6.Bc4 Nxd5 7.Nxd5
Be7 8.O-O Bg5 9.c3 O-O 10.f4 Bxf4 11.d3 Bxc1 12.Rxc1 Be6 13.Qh5
Rb8 14.Ne3 b5 15.Bb3 c4 16.Bc2 Qb6 17.Rf3 Ne7 18.Kh1 f6 19.Ng4
Ng6 20.Rh3 Bxg4 21.Qxg4 Nf4 22.Rg3 Rb7 23.d4 h5 24.Qf3 h4 25.Rg4
g5 26.g3 hxg3 27.hxg3 Ng6 28.Qf5 Kg7 29.Rf1 Re7 30.Kg2 Qc7 31.Bd1
Ree8 32.Be2 Rc8 33.Rd1 Qe7 34.Qf2 Rh8 35.Kf3 Rh6 36.Ke3 Rch8
37.Qf3 Rh2 38.Rf1 Re8 39.Qf5 Nh8 40.b3 cxb3 41.axb3 b4 42.Bc4
bxc3 43.Kd3 exd4 44.Kxd4 Qe5+ 45.Kd3 Ng6 46.Qd7+ Re7 47.Qc8 Rd2+
48.Ke3 Qd4+ 0-1

[Event "Moscow Open 2009 B"]
[Site "www.moscowchessopen.ru"]
[Date "2009.02.06"]
[Round "7.10"]
[White "Yudkevich, Mikhail"]
[Black "Tarasova, Viktoriya"]
[Result "0-1"]
[WhiteElo "2190"]
[BlackElo "2257"]
[Annotator ""]
[Source ""]
[Remark ""]

1.d4 d5 2.c4 c6 3.Nf3 Nf6 4.Nc3 dxc4 5.a4 Bf5 6.Ne5 Nbd7 7.Nxc4
Qc7 8.g3 e5 9.dxe5 Nxe5 10.Bf4 Nfd7 11.Bg2 g5 12.Ne3 gxf4 13.Nxf5
O-O-O 14.O-O fxg3 15.hxg3 Kb8 16.Qc2 h5 17.Rfc1 Nf6 18.b4 Bxb4
19.Nb5 Qb6 20.Qb2 Nfg4 21.Qxb4 Qxf2+ 22.Kh1 h4 0-1

[Event "Moscow Open 2009 B"]
[Site "www.moscowchessopen.ru"]
[Date "2009.02.06"]
[Round "7.11"]
[White "Eliseev, Urii"]
[Black "Mikhailov, Alexander B."]
[Result "1-0"]
[WhiteElo "2249"]
[BlackElo "2227"]
[Annotator ""]
[Source ""]
[Remark ""]

1.e4 c5 2.Nf3 e6 3.d4 cxd4 4.Nxd4 Nf6 5.Nc3 a6 6.Be3 Be7 7.f3
O-O 8.Qd2 Nc6 9.O-O-O d6 10.g4 Nxd4 11.Bxd4 Nd7 12.h4 b5 13.g5
b4 14.Ne2 Qa5 15.Kb1 e5 16.Be3 Nc5 17.Nc1 Be6 18.h5 Rfc8 19.g6
Qc7 20.Bh3 a5 21.Rdg1 a4 22.gxf7+ Kxf7 23.Bxc5 Bxh3 24.Bxb4 Be6
25.f4 h6 26.Rg6 exf4 27.Bc3 Rab8 28.Bxg7 Qc4 29.Bd4 Rb4 30.c3
Rb5 31.Rxh6 Rcb8 32.Qxf4+ Ke8 33.Rh8+ Bg8 34.Rh2 Bg5 35.Qg4 a3
36.b3 Ke7 37.e5 Bxc1 38.Kxc1 Qf1+ 39.Kd2 dxe5 40.Rf2 Qb1 41.Qg7+
Kd6 42.Rh6+ Be6 43.Rxe6+ Kxe6 44.Qf7+ 1-0